000 00569nam a2200205Ia 4500
003 OSt
005 20230401095653.0
008 210210b1986 xxu||||| |||| 00| 0 eng d
040 _cAL
041 _aEnglish
082 _a574.02 VENJ
100 _aVENKATESH (M G) & SATHYANANDA (N).
_981476
245 _aJoint entrance examination for medical and engineering courses biology.
260 _aBangalore
_bNudi Mudrana
_c1986
300 _aiv,107,x
650 _aBiology C E T Nudi
_981477
690 _aBiology Entrance
_981478
906 _a037876
942 _2ddc
_cBK
999 _c88065
_d88065